Statistiques concernant Traduction: le corps humain [en -> fr]

Cliquez ici pour prendre le quiz!

Statistiques générales

  • Ce quiz a été pris 47 fois
  • Le résultat moyen est 7 sur 10

Statistiques - réponses

Human bodyCorps human% Correct
81ArteryArtère
100%
38Lower backBas du dos
100%
51BicepsBiceps
100%
17MouthBouche
100%
49ArmBras
100%
14HairCheveux
100%
09EyelashesCils
100%
36HeartCœur
100%
34ColonColon
100%
18NeckCou
100%
52ElbowCoude
100%
24Tooth | TeethDent | Dents
100%
54FingerDoigt
100%
58ShoulderEpaule
100%
74EpidermisEpiderme
100%
46StomachEstomac
100%
61LegJambe
100%
23TongueLangue
100%
93TearLarme
100%
19LipsLèvres
100%
87LigamentLigament
100%
55HandMain
100%
05ChinMenton
100%
16MustacheMoustache
100%
89MuscleMuscle
100%
90NerveNerf
100%
20NoseNez
100%
29BellybuttonNombril
100%
07EyeŒil
100%
56NailsOngles
100%
06EarOreille
100%
82BoneOs
100%
72SkinPeau
100%
66Foot | FeetPied | Pieds
100%
91SalivaSalive
100%
83BloodSang
100%
08EyebrowSourcils
100%
01HeadTête
100%
48UterusUtérus
100%
94VeinVeine
100%
11FaceVisage
100%
27BackDos
83%
68KneesGenoux
83%
12ForeheadFront
80%
15JawlineMâchoire
80%
84FatGraisse
75%
70ToesOrteils
71%
31BreastPoitrine (seins)
71%
41NippleTéton
71%
47TracheaTrachée
71%
28BellyVentre
71%
02BeardBarbe
67%
69ThighsCuisses
67%
39LiverFoie
67%
22ThroatGorge
67%
42Pectoral musclesMuscles pectoraux
67%
32ChestPoitrine (torse)
67%
67HeelTalon
64%
85FleshChair
60%
43RibsCôtes
60%
71Toe nailsOngles des orteils
60%
57PalmsPaume
60%
45SternumSternum
57%
53ForearmAvant-bras
50%
25SkullCrâne
50%
64Bottom | Behind | Buttocks | ButtFesses
50%
73Beauty spotGrain de beauté
50%
37HipHanche
50%
04CheeksJoues
50%
10EyelidPaupière
50%
59ThumbPouce
50%
40LungPoumon
50%
44WaistTaille
50%
76HairPoil
40%
92SweatTranspiration
40%
62AnkleCheville
33%
77MoleGrain de beauté
33%
30BladderVessie
33%
50ArmpitAisselle
25%
03CheekbonePommette
25%
80WrinkleRide
25%
35GroinAine
20%
33Clavicle boneOs de la clavicule
20%
21NostrilsNarines
17%
75FrecklesTâches de rousseurs
14%
86JointArticulation
0%
79SpotBouton
0%
13GumGencive
0%
88LimbMembre
0%
65Calf | CalvesMollet | Mollets
0%
63Ball of footPlante du pied
0%
60WristPoignet
0%
78PorePore
0%
26TorsoTronc
0%

Distribution des résultats

Percentile par nombre de réponses

% des personnes avec chaque résultat

Votre développement - résultats

Vous n’avez pas pris ce quiz